KOHA-Header-6

Algorithm Design and Applications (Record no. 1132)

000 -LEADER
fixed length control field 00378nam a2200157Ia 4500
003 - CONTROL NUMBER IDENTIFIER
control field MAJU-Karachi
005 - DATE AND TIME OF LATEST TRANSACTION
control field 20250602121428.0
008 - FIXED-LENGTH DATA ELEMENTS--GENERAL INFORMATION
fixed length control field 190722s9999 xx 000 0 und d
020 ## - INTERNATIONAL STANDARD BOOK NUMBER
International Standard Book Number 978-93-325-1864-3
040 ## - CATALOGING SOURCE
Original cataloging agency 0
Transcribing agency 0
100 ## - MAIN ENTRY--PERSONAL NAME
Personal name Jon Kleinberg
245 #0 - TITLE STATEMENT
Title Algorithm Design and Applications
260 ## - PUBLICATION, DISTRIBUTION, ETC. (IMPRINT)
Place of publication, distribution, etc India
Name of publisher, distributor, etc Pearson
Date of publication, distribution, etc 2017
300 ## - PHYSICAL DESCRIPTION
Extent 824
942 ## - ADDED ENTRY ELEMENTS (KOHA)
Koha item type Books
Source of classification or shelving scheme
Holdings
Withdrawn status Lost status Source of classification or shelving scheme Damaged status Not for loan Collection code Permanent Location Current Location Shelving location Date acquired Total Checkouts Total Renewals Full call number Barcode Date last seen Date checked out Price effective from Koha item type
          Computer Science MAJU MAJU Shelf No.A32 2019-07-22 3 13 5.1 7757 2024-08-07 2024-02-26 2019-07-22 Computer Science

Powered by Koha